00482 2200181 4500001002100000005001500021035002000036007000300056008004100059020001800100082000800118084001400126100001900140245007400159260004100233856001700274990000900291INLIS00000000000090420220912063839 a0010-0922000185ta220912 g 0 ind  a9789791277839 a425 a425 SLA t0 aSlamet Riyanto1 aThe 1st Student's Choice Toefl (Test Of English As A Foreign laguage) aYogyakarta :bPustaka Pelajar,c2015 aKoleksi Umum a1331